000 00571nam a22001931a 4500
001 5574
003 OSt
005 20260204212020.0
008 060127s1979||||dr ||||||b||||||||||spa||
020 _a8484010287
050 _aRD 270.7293 N851h
100 _aNovel, Carlos
245 _aHistoria eclesiástica de arquidiócesis de Santo Domingo Primada de América / Carlos Novel
264 _aSanto Domingo : S.N.
300 _a435 p. Tomo II
500 _aIncluye indice y bibliografía
650 _a1.Historia de Iglesia - República DominicanaÌ
942 _2ddc
_cBK
999 _c5574
_d5574